[Event "1st Cyprus Chess Tournament 2019"]
[Site "Larnaca"]
[Date "2019.10.28"]
[Round "5.7"]
[White "Lornye, Pylyp"]
[Black "Dermatopoulos, Konstantinos"]
[Result "1-0"]
[WhiteElo "2284"]
[BlackElo "1992"]
[Annotator "RC"]
[PlyCount "63"]
[EventDate "2019.10.25"]
[EventType "swiss"]
[EventCountry "CYP"]
[SourceTitle "playchess.com"]
[Source "ChessBase"]
[SourceQuality "1"]
[TimeControl "5400+30"]

1. Nf3 {[%emt 0:00:00]} d5 {[%emt 0:00:00]} 2. g3 {[%emt 0:00:00]} Bg4 {[%emt 0:00:00]} 3. Bg2 {[%emt 0:00:08]} c6 {[%emt 0:00:00]} 4. O-O {[%emt 0:00:52]} Nd7 {[%emt 0:00:09]} 5. h3 {[%emt 0:00:49]} Bh5 {[%emt 0:00:16]} 6. d3 {[%emt 0:00:35]} Ngf6 {[%emt 0:00:23]} 7. Nbd2 {[%emt 0:00:40]} e5 {[%emt 0:01:13]} 8. e4 {[%emt 0:03:23]} Bd6 {[%emt 0:00:14]} 9. Qe1 {[%emt 0:01:28]} dxe4 {[%emt 0:00:06]} 10. dxe4 {[%emt 0:00:29]} O-O {[%emt 0:02:48]} 11. Nh4 {[%emt 0:01:06]} Re8 {[%emt 0:00:15]} 12. Nc4 {[%emt 0:02:25]} Bf8 {[%emt 0:00:21]} 13. a4 {[%emt 0:01:20]} Qc7 {[%emt 0:08:20]} 14. Kh1 {[%emt 0:27:33]} Nc5 {[%emt 0:29:15]} 15. Bg5 {[%emt 0:13:54]} Nfd7 {[%emt 0:01:19]} 16. Be3 {[%emt 0:04:47]} f6 {[%emt 0:04:10]} 17. Nd2 {[%emt 0:05:21]} Bf7 {[%emt 0:01:54]} 18. f4 {[%emt 0:01:24]} Nb6 {[%emt 0:09:21]} 19. b3 {[%emt 0:00:50]} Ne6 {[%emt 0:01:21]} 20. a5 {[%emt 0:10:10]} Nd7 {[%emt 0:01:20]} 21. Nc4 {[%emt 0:00:26]} Nd4 {[%emt 0:04:53]} 22. Qf2 {[%emt 0:00:54]} Ne6 {[%emt 0:13:50]} 23. Rad1 {[%emt 0:07:08]} exf4 {[%emt 0:06:15]} 24. gxf4 {[%emt 0:00:06]} Nec5 {[%emt 0:00:08]} 25. Rd4 {[%emt 0:04:11]} Nxe4 {[%emt 0:07:00]} 26. Rxe4 {[%emt 0:00:41]} Bd5 {[%emt 0:02:01]} 27. Rxe8 {[%emt 0:00:20]} Rxe8 {[%emt 0:00:06]} 28. Rd1 {[%emt 0:01:52]} Bf7 {[%emt 0:00:59]} 29. Nf5 {[%emt 0:00:16]} Bh5 {[%emt 0:04:27]} 30. Bf3 {[%emt 0:00:33]} Bxf3+ {[%emt 0:00:05]} 31. Qxf3 {[%emt 0:00:03]} Nc5 {[%emt 0:01:05]} 32. Nfd6 {[%emt 0:00:31]} 1-0

[Event "1st Cyprus Chess Tournament 2019"]
[Site "Larnaca"]
[Date "2019.10.28"]
[Round "5.8"]
[White "Damianou, Ioannis"]
[Black "Biljanic, Ljubomir"]
[Result "1-0"]
[WhiteElo "2118"]
[BlackElo "2241"]
[Annotator "RC"]
[PlyCount "69"]
[EventDate "2019.10.25"]
[EventType "swiss"]
[EventCountry "CYP"]
[SourceTitle "playchess.com"]
[Source "ChessBase"]
[SourceQuality "1"]
[TimeControl "5400+30"]

1. c4 {[%emt 0:00:00]} e5 {[%emt 0:00:00]} 2. g3 {[%emt 0:00:00]} Nf6 {[%emt 0:00:00]} 3. Bg2 {[%emt 0:00:00]} Nc6 {[%emt 0:00:05]} 4. Nc3 {[%emt 0:02:00]} d6 {[%emt 0:00:28]} 5. Nf3 {[%emt 0:02:21]} g6 {[%emt 0:01:08]} 6. d4 {[%emt 0:00:31]} exd4 {[%emt 0:01:08]} 7. Nxd4 {[%emt 0:00:21]} Nxd4 {[%emt 0:02:32]} 8. Qxd4 {[%emt 0:00:06]} Bg7 {[%emt 0:01:29]} 9. O-O {[%emt 0:02:11]} O-O {[%emt 0:00:59]} 10. Qd2 {[%emt 0:03:28]} Qe7 {[%emt 0:09:20]} 11. e4 {[%emt 0:04:58]} Be6 {[%emt 0:21:31]} 12. b3 {[%emt 0:02:53]} c6 {[%emt 0:00:37]} 13. Ba3 {[%emt 0:06:18]} c5 {[%emt 0:05:04]} 14. Rad1 {[%emt 0:04:31]} Rfd8 {[%emt 0:00:38]} 15. f4 {[%emt 0:04:17]} Bg4 {[%emt 0:14:45]} 16. Rde1 {[%emt 0:02:55]} Be6 {[%emt 0:09:26]} 17. Bb2 {[%emt 0:10:07]} Rac8 {[%emt 0:03:18]} 18. f5 {[%emt 0:14:02]} Bd7 {[%emt 0:00:34]} 19. Nd5 {[%emt 0:02:54]} Nxd5 {[%emt 0:02:17]} 20. Bxg7 {[%emt 0:04:15]} Nf6 {[%emt 0:08:18]} 21. Bxf6 {[%emt 0:02:27]} Qxf6 {[%emt 0:00:07]} 22. fxg6 {[%emt 0:00:12]} Qxg6 {[%emt 0:00:21]} 23. e5 {[%emt 0:01:08]} dxe5 {[%emt 0:03:01]} 24. Bd5 {[%emt 0:05:20]} Bh3 {[%emt 0:02:31]} 25. Rf2 {[%emt 0:02:02]} e4 {[%emt 0:05:25]} 26. Qf4 {[%emt 0:04:53]} Be6 {[%emt 0:02:20]} 27. Bxb7 {[%emt 0:01:08]} e3 {[%emt 0:00:59]} 28. Qxe3 {[%emt 0:00:44]} Rc7 {[%emt 0:01:27]} 29. Be4 {[%emt 0:00:34]} Qg7 {[%emt 0:00:09]} 30. Bf5 {[%emt 0:03:24]} Rc6 {[%emt 0:02:25]} 31. Bc2 {[%emt 0:01:47]} Rd4 {[%emt 0:00:21]} 32. Qf3 {[%emt 0:04:26]} Rc8 {[%emt 0:01:33]} 33. Qb7 {[%emt 0:01:08]} Rcd8 {[%emt 0:00:02]} 34. Qxa7 {[%emt 0:00:50]} Qf8 {[%emt 0:01:28]} 35. Rxe6 {[%emt 0:01:58]} 1-0

[Event "1st Cyprus Chess Tournament 2019"]
[Site "Larnaca"]
[Date "2019.10.28"]
[Round "5.9"]
[White "Kochergin, Sergey"]
[Black "Kourouyiannis, Fivos"]
[Result "1-0"]
[WhiteElo "2224"]
[BlackElo "1708"]
[Annotator "RC"]
[PlyCount "49"]
[EventDate "2019.10.25"]
[EventType "swiss"]
[EventCountry "CYP"]
[SourceTitle "playchess.com"]
[Source "ChessBase"]
[SourceQuality "1"]
[TimeControl "5400+30"]

1. d4 {[%emt 0:00:00]} Nf6 {[%emt 0:00:00]} 2. c4 {[%emt 0:00:00]} g6 {[%emt 0:00:00]} 3. Nc3 {[%emt 0:00:00]} Bg7 {[%emt 0:00:00]} 4. e4 {[%emt 0:00:00]} d6 {[%emt 0:00:00]} 5. f3 {[%emt 0:00:00]} O-O {[%emt 0:00:10]} 6. Be3 {[%emt 0:00:04]} c5 {[%emt 0:00:44]} 7. Nge2 {[%emt 0:00:13]} cxd4 {[%emt 0:00:16]} 8. Nxd4 {[%emt 0:00:03]} Nc6 {[%emt 0:03:20]} 9. Be2 {[%emt 0:00:35]} Nxd4 {[%emt 0:06:43]} 10. Bxd4 {[%emt 0:00:04]} b6 {[%emt 0:01:39]} 11. O-O {[%emt 0:00:10]} Ba6 {[%emt 0:11:51]} 12. Qd2 {[%emt 0:00:41]} Rc8 {[%emt 0:02:26]} 13. b3 {[%emt 0:00:20]} Nd7 {[%emt 0:00:54]} 14. Bxg7 {[%emt 0:00:10]} Kxg7 {[%emt 0:00:05]} 15. f4 {[%emt 0:00:37]} Kg8 {[%emt 0:06:42]} 16. Rf3 {[%emt 0:00:39]} Bb7 {[%emt 0:10:09]} 17. Rh3 {[%emt 0:02:44]} f5 {[%emt 0:00:03]} 18. exf5 {[%emt 0:00:21]} Rxf5 {[%emt 0:00:12]} 19. Bg4 {[%emt 0:00:19]} Qf8 {[%emt 0:03:13]} 20. Bxf5 {[%emt 0:00:20]} Qxf5 {[%emt 0:00:02]} 21. Re1 {[%emt 0:00:47]} Qc5+ {[%emt 0:10:03]} 22. Qe3 {[%emt 0:00:29]} Rf8 {[%emt 0:01:10]} 23. Qxc5 {[%emt 0:00:15]} dxc5 {[%emt 0:01:01]} 24. Rxe7 {[%emt 0:00:06]} Rf7 {[%emt 0:00:21]} 25. Rxf7 {[%emt 0:00:02]} 1-0

[Event "1st Cyprus Chess Tournament 2019"]
[Site "Larnaca"]
[Date "2019.10.28"]
[Round "5.10"]
[White "Florentiades, Michalis"]
[Black "Isaakidis, Alexandros"]
[Result "0-1"]
[WhiteElo "2019"]
[BlackElo "2219"]
[Annotator "TA"]
[PlyCount "88"]
[EventDate "2019.10.25"]
[EventType "swiss"]
[EventCountry "CYP"]
[SourceTitle "playchess.com"]
[Source "ChessBase"]
[SourceQuality "1"]

{[%evp 14,88,2,-7,25,-4,25,35,38,33,41,0,-8,-31,-20,-36,-21,-26,36,36,41,43,106,58,137,98,106,72,362,65,58,50,66,54,65,79,78,65,110,108,154,134,425,416,389,208,210,71,77,40,61,29,13,0,0,-8,-5,-68,-54,-56,-56,-104,-122,-134,0,-283,-276,-429,-421,-698,-678,-818,-792,-957,-900,-975,-960]} 1. e4 c5 2. Nc3 Nc6 3. g3 g6 4. Bg2 Bg7 5. d3 d6 6. Be3 e5 7. Qd2 Be6 8. f4 Nd4 {B26: Closed Sicilian: 3 g3, lines with early Be3} (8... Nge7 9. Nf3 Nd4 10. O-O O-O 11. Ng5 Bd7 12. Rae1 f6 13. Nh3 Be6 14. Nd5 Rc8 15. c3 Nb5 16. Nxe7+ Qxe7 {1-0 (40) Movsesian,S (2637)-Gukesh,D (2536) Reykjavik 2019}) 9. Nf3 h6 10. O-O Ne7 {White is slightly better.} 11. Rae1 Qd7 12. Rf2 $146 ({Predecessor:} 12. Nh4 exf4 13. gxf4 f5 14. Nd5 Bxd5 15. exd5 O-O 16. Bf2 {1-0 (42) Johannessen,S (2317)-Bosiocic,M (2232) Oslo 2004}) 12... O-O-O 13. Nd1 {[%cal Bc3d1,Bd1b2,Bb2c4][%mdl 32]} Nec6 14. a3 Bg4 (14... Kb8 {feels hotter.} 15. b4 exf4 16. Bxf4 g5 17. Be3 Rhe8) 15. Bxd4 exd4 (15... cxd4 $11 16. c4 h5) 16. b4 $14 b6 17. Nb2 g5 (17... cxb4 $14 18. axb4 b5) 18. bxc5 ({Much weaker is} 18. fxg5 $6 hxg5 19. bxc5 dxc5 $14) 18... bxc5 (18... dxc5 $14 19. e5 Be6) 19. Nc4 gxf4 20. Qxf4 h5 $2 {[%mdl 8192]} (20... Be6 $16) 21. Nh4 $2 (21. e5 $1 $18) 21... Ne5 22. Nxe5 Bxe5 23. Qxf7 Qxf7 24. Rxf7 {And now Ng6 would win.} Rd7 25. Ref1 Rh7 26. Rf8+ Kb7 27. Ng6 Ka6 $2 {[%mdl 8192]} (27... Rdg7 $16) 28. Nxe5 $18 dxe5 29. h3 (29. R8f6+ $142 Ka5 30. h3) 29... Be6 {[#]} 30. R1f6 (30. R8f6 $1 $18 {[%cal Rf6e6]} Rde7 31. R1f5) 30... Rde7 $16 31. Bf3 Ka5 32. Kg2 Ka4 33. Rd8 Rhf7 34. Rxf7 (34. Rg6 {is interesting.} Bxh3+ 35. Kxh3 Rxf3 36. Rc6 Rg7 37. Rb8) 34... Bxf7 $11 {[%mdl 4096] Endgame KRB-KRB} 35. Rc8 ({White should try} 35. Kf2 $11) 35... Kxa3 $15 36. Rxc5 Kb4 37. Rc8 Rb7 38. g4 {[#]} hxg4 ({Better is} 38... h4 $1 $17 {Threatens to win with ...a5.} 39. Bd1 a5) 39. hxg4 $2 {[%mdl 8192]} (39. Bxg4 $11 a5 40. h4) 39... a5 $19 {[%cal Ba7a5,Ba5a4,Ba4a3,Ba3a2][%mdl 32]} 40. Ra8 (40. g5 $142 a4 41. Ra8) 40... a4 {Black is clearly winning.} 41. g5 (41. Bd1 $142 a3 42. c4 dxc3 43. Ra4+ Kc5 44. Rxa3) 41... a3 42. Bg4 {If only White now had time for g6....} a2 43. g6 {[#]} Bg8 $1 {[%mdl 512]} 44. Bf5 (44. Rxg8 a1=Q) 44... Kc3 {Accuracy: White = 28%, Black = 35%.} 0-1

[Event "1st Cyprus Chess Tournament 2019"]
[Site "Larnaca"]
[Date "2019.10.28"]
[Round "5.11"]
[White "Kayumov, Dmitry D"]
[Black "Stefanidi, Maria-Anna"]
[Result "1/2-1/2"]
[WhiteElo "2402"]
[BlackElo "2012"]
[Annotator "TA"]
[PlyCount "133"]
[EventDate "2019.10.25"]
[EventType "swiss"]
[EventCountry "CYP"]
[SourceTitle "playchess.com"]
[Source "ChessBase"]
[SourceQuality "1"]

{[%evp 9,133,43,80,78,56,43,59,22,75,71,78,44,35,39,68,17,23,3,50,39,42,18,43,-25,-28,-29,0,-14,-14,-32,-26,-43,-23,-26,-20,-57,-62,-45,-56,-110,-109,-117,-135,-128,-14,-109,-8,-21,0,0,0,-93,0,0,0,0,0,0,91,88,99,0,156,0,0,0,0,0,0,0,0,0,0,0,0,0,119,116,127,141,126,129,146,0,0,0,99,0,11,0,0,0,0,0,0,0,252,253,225,0,0,0,16,0,0,0,0,0,0,0,162,152,159,148,156,156,152,156,162,164,163,159,182,0,167,160]} 1. e4 c5 2. Nf3 d6 3. h3 g6 (3... Nf6 4. Nc3 Nc6 5. Bb5 Bd7 6. d3 e6 7. O-O Be7 8. a3 O-O 9. Bc4 Rc8 10. Ba2 Qb6 11. Nd2 Nd4 12. Nc4 {1-0 (44) Kamsky,G (2714)-Fishbein,A (2485) Philadelphia 2014}) 4. c3 Bg7 5. d4 Nd7 6. Bc4 {B50: Sicilian: 2...d6, Miscellaneous} e6 7. O-O $146 ({Predecessor:} 7. Bb3 Ngf6 8. Nbd2 b5 9. a4 b4 10. O-O O-O 11. Re1 cxd4 12. cxd4 Bb7 {0-1 (44) Robles,F (2000)-Castaneda,C (2175) Lima 2002}) 7... Ne7 8. dxc5 {White is slightly better.} dxc5 (8... Nxc5 $11 {remains equal.} 9. Qe2 O-O) 9. Bf4 O-O 10. Qc1 e5 11. Bh6 Qc7 12. Rd1 (12. Na3 $14) 12... Nb6 13. Bf1 f5 14. Bxg7 Kxg7 15. exf5 Bxf5 16. Qe3 (16. Na3 $14) 16... e4 $1 $11 17. Nh4 Ned5 18. Nxf5+ gxf5 19. Qg5+ Kh8 20. c4 Nf4 21. Kh1 Ne6 $36 {[%mdl 2048] Black fights for an advantage.} 22. Qh4 Nd4 23. Nc3 Qe5 24. Nb5 (24. Rab1 $15) 24... f4 $17 25. Nxd4 cxd4 26. Re1 {next Bd3! is good for White.} e3 (26... Rae8 $17 {Threatens to win with ...f3.} 27. Rad1 f3) 27. Bd3 (27. Rad1 $11) 27... Qg7 (27... Rf7 $1 $17 28. Rad1 Rg7 29. fxe3 dxe3) 28. fxe3 $11 fxe3 29. Rf1 Rg8 {[%csl Gg8][%cal Rg7g2] [#]} 30. g4 (30. g3 $1 $11 {[%mdl 512]} Na4 (30... Qxg3 31. Qxh7#) 31. Rf4) 30... Rgf8 ({Black should try} 30... Nd7 $1 $17 31. Rf5 Rae8) 31. Rxf8+ Rxf8 32. Rf1 Rxf1+ 33. Bxf1 Qd7 (33... Qf8 $11 34. Bd3 Qf3+ 35. Kh2 Qf4+ 36. Kg2 Kg7) 34. Bd3 $16 Kg8 35. Kg1 (35. b3 $1 $16) 35... Na4 $2 {[#]} (35... Qc7 $1 $11) 36. Bf5 $2 (36. c5 $1 $16 {[%mdl 512]} Nxb2 (36... Nxc5 37. Qg5+) 37. Bf5) 36... Qc7 $11 37. Be6+ Kf8 38. Qf6+ Ke8 39. Qh8+ Ke7 {White must now prevent ...Qg3+.} 40. Qxh7+ Kd6 $1 41. Qe4 {Strongly threatening Qf4+.} Qc5 42. Bd5 Qb4 (42... Nb6 $11 {keeps the balance.} 43. Qf4+ (43. Bxb7 Qxc4 44. Qf4+ Ke7 $11) 43... Kd7) 43. Qe6+ $16 (43. Qxd4 Qe1+ 44. Kg2 Qd2+ 45. Qxd2 exd2 $17) 43... Kc7 44. Qf7+ Kd8 45. Qf6+ (45. Qxb7 $6 Qe1+ 46. Kh2 Qf2+ 47. Bg2 e2 $11) (45. Bxb7 $6 Nb6 $11) 45... Kc7 46. Qe5+ (46. Qxd4 Qe1+ 47. Kh2 Qd2+ 48. Qxd2 exd2 $17) (46. g5 $1 $16 {[%cal Rg5g6] Hoping for g6.} Nb6 47. Qf4+ (47. Qxd4 Nxd5 48. Qe5+ Kb6 $11) 47... Kd7 48. Bxb7 Qxb2 49. h4) 46... Kd8 $1 $11 47. Qf6+ (47. Qxd4 Qe1+ 48. Kg2 Qd2+ 49. Qxd2 exd2 $17) ({White should play} 47. Bxb7 $11 Qxb7 48. Qxd4+ Qd7 49. Qxe3) 47... Kc7 $1 $16 48. Qf4+ (48. Qxd4 Qe1+ 49. Kh2 Qd2+ 50. Qxd2 exd2 $15) ({Better is} 48. g5 $1 $16 {[%cal Rg5g6] g6 is the strong threat.} Nb6 49. Qf4+ (49. Qxd4 Nxd5 50. Qe5+ Kb6 $11) 49... Kd7 50. Bxb7) 48... Kd8 49. b3 (49. Qxd4 Qe1+ 50. Kg2 Qd2+ 51. Qxd2 exd2 $17) (49. Qf6+ $6 Kc7 $16) 49... Qe1+ 50. Kg2 Qe2+ 51. Kg1 {Threatening mate with Qf6+.} Qe1+ 52. Kh2 Qe2+ $2 {[%mdl 8192]} (52... Nb6 $11) 53. Bg2 $18 d3 54. Qb8+ $2 ({Not} 54. bxa4 d2 $11) ({White must play} 54. g5 $1 $18 {[%cal Rg5g6]} Nb6 55. g6) 54... Ke7 $11 55. Qxb7+ Kf6 56. bxa4 Qf2 57. Qc6+ Kg7 58. Qd7+ {[%mdl 64] Double Attack} Kf8 59. Qd6+ Kg7 $2 (59... Kf7 $1 $11 {and Black is okay.}) 60. Qd4+ $1 $18 ({Inferior is} 60. Qxd3 e2 $11) 60... Kf8 {[#]} 61. c5 $1 {[%cal Rc5c6] aiming for c6.} ({Worse is} 61. Qxd3 e2 $11) (61. Qxa7 Qf4+ 62. Kh1 e2 $11) 61... d2 62. c6 {c7 would kill now.} d1=Q 63. Qxd1 e2 64. Qd6+ Kf7 65. Qd5+ Kf8 66. Qd6+ Kf7 {[#]} 67. Qd7+ $1 {Accuracy: White = 48%, Black = 50%.} 1/2-1/2

[Event "1st Cyprus Chess Tournament 2019"]
[Site "Larnaca"]
[Date "2019.10.28"]
[Round "5.12"]
[White "Karagiannis, Kosmas"]
[Black "Gerasimenyuk, Mikhail"]
[Result "0-1"]
[WhiteElo "1879"]
[BlackElo "2113"]
[Annotator "TA"]
[PlyCount "102"]
[EventDate "2019.10.25"]
[EventType "swiss"]
[EventCountry "CYP"]
[SourceTitle "playchess.com"]
[Source "ChessBase"]
[SourceQuality "1"]

{[%evp 13,138,39,70,25,39,-13,25,-24,-25,-52,-47,-33,-43,-41,-43,-58,-52,-52,-56,-58,-55,-69,-66,-187,-57,-64,-68,-62,-50,-70,-73,-71,-66,-87,-87,-87,-91,-87,-97,-95,-79,-86,-72,-104,-60,-82,-60,-95,-62,-77,-70,-86,-61,-84,-85,-85,-79,-83,-84,-84,0,-93,-84,-84,-44,-84,-77,-77,-78,-79,-26,-25,-25,-48,-36,-72,-57,-86,-24,-25,-24,-43,-39,-54,-18,-21,-61,-235,-236,-247,-244,-242,-78,-89,-89,-78,-73,-73,20,20,17,14,19,6,16,-158,-155,-277,-79,-79,-79,-234,-222,-200,-150,-279,-186,-184,0,0,0,0,0,0,0,-884,0]} 1. e4 c6 2. d4 d5 3. exd5 Qxd5 4. Nc3 Qa5 5. Bc4 Nf6 6. Nf3 Bg4 7. h3 Bh5 8. O-O {B01: Scandinavian Defence} (8. Bd2 e6 9. Nd5 Qd8 10. Nf4 Bxf3 11. Qxf3 Qxd4 12. Bxe6 fxe6 13. O-O-O Na6 14. Rhe1 Qc4 15. Nxe6 Kf7 16. Bc3 Nb4 17. Rd4 Nxa2+ {1-0 (39) Ragger,M (2672)-Chabanon,J (2450) Brest 2018}) 8... e6 9. Bf4 (9. Re1 $14) 9... Nbd7 (9... Qf5 $5 {[%cal Rf5f4]} 10. Bg3 Nbd7 $14) 10. a3 {White has an edge.} Qf5 11. Bh2 $146 ({Predecessor:} 11. Bg3 Bxf3 12. Qxf3 Qxf3 13. gxf3 Nb6 14. Be2 Nbd5 15. Nxd5 exd5 {½-½ (57) Kozganbayev,E (2173)-Krivonos,N (2286) Tomsk 2009}) 11... Bxf3 $1 12. Qxf3 Qxf3 13. gxf3 Nb6 14. Bd3 O-O-O 15. Ne2 Bd6 16. Bg3 Nh5 17. Rad1 Nd5 18. Kh2 (18. Rfe1 $15) 18... Ndf4 (18... Nxg3 $19 19. Nxg3 h5) 19. Nxf4 Nxf4 20. c3 Rd7 21. Bxf4 Bxf4+ 22. Kg2 Rhd8 23. b4 Rd5 24. Rfe1 Rg5+ 25. Kf1 Rh5 26. Re4 Bc7 27. Kg2 g6 28. Rde1 b6 29. Bc4 Kb7 30. R1e2 Rg5+ 31. Rg4 Rf5 32. Rge4 h5 33. R2e3 Rg5+ 34. Kh1 a5 35. Re2 Ra8 36. Ra2 Rd8 37. Rae2 $1 Rf5 38. Kg2 Bf4 39. Ra2 Ra8 40. Ree2 Rg5+ 41. Kh1 Bd6 (41... b5 $17 42. Bb3 Kc7) 42. Bd3 $11 h4 43. Be4 Kc7 44. Bd3 Ra7 45. Bc4 c5 (45... b5 $17 46. Bb3 Rh5) 46. dxc5 bxc5 47. b5 Be5 48. Rac2 Kb6 49. Re4 {[#] Threatens to win with f4.} Rd7 {( -> ...Rd1+)} 50. f4 $2 (50. Be2 $15 Bc7 51. Rxh4) 50... Rd1+ $19 51. Kh2 Rdg1 {Played: Be5-c7} 0-1

[Event "1st Cyprus Chess Tournament 2019"]
[Site "Larnaca"]
[Date "2019.10.29"]
[Round "6.1"]
[White "Tilicheev, Viacheslav"]
[Black "Sumets, Andrey"]
[Result "1/2-1/2"]
[WhiteElo "2478"]
[BlackElo "2570"]
[Annotator "TA"]
[PlyCount "39"]
[EventDate "2019.10.25"]
[EventType "swiss"]
[EventCountry "CYP"]
[SourceTitle "playchess.com"]
[Source "ChessBase"]
[SourceQuality "1"]

{[%evp 12,39,37,32,47,46,47,53,51,51,57,48,48,37,42,42,41,37,39,31,35,30,31,31,31,31,33,33,33,31]} 1. d4 Nf6 2. c4 e6 3. Nc3 Bb4 4. Nf3 d5 5. Bg5 O-O 6. e3 c5 7. cxd5 exd5 {D38: Queen's Gambit Declined: Ragozin Defence (4 Nf3 Bb4)} 8. dxc5 Be6 (8... Nbd7 9. Rc1 Qa5 10. a3 Bxc3+ 11. Rxc3 Ne4 12. b4 Nxc3 13. Qa1 Qa4 14. Qxc3 a5 15. b5 Nxc5 16. Qxc5 Bf5 17. Qc3 Rfc8 {1-0 (37) Aronian,L (2792)-Nakamura,H (2787) Leuven 2016}) 9. Rc1 Nbd7 {[%cal Bb8d7,Bd7c5,Bc5e4][%mdl 32]} 10. Be2 Nxc5 11. Qd4 Bxc3+ 12. Rxc3 Nce4 13. Bxf6 Qxf6 $146 ({Predecessor:} 13... Nxf6 14. O-O Ne4 15. Rc2 {0-1 (48) Scheid,A-Pousette,G Sweden 2010}) 14. Qxf6 Nxf6 15. O-O Rfc8 16. Rfc1 Rxc3 17. Rxc3 {White is slightly better.} Rc8 18. Rxc8+ Bxc8 19. Nd4 Bd7 20. Bb5 1/2-1/2

[Event "1st Cyprus Chess Tournament 2019"]
[Site "Larnaca"]
[Date "2019.10.29"]
[Round "6.2"]
[White "Mirzoev, Azer"]
[Black "Kazakouski, Valery"]
[Result "1/2-1/2"]
[WhiteElo "2472"]
[BlackElo "2474"]
[Annotator "TA"]
[PlyCount "116"]
[EventDate "2019.10.25"]
[EventType "swiss"]
[EventCountry "CYP"]
[SourceTitle "playchess.com"]
[Source "ChessBase"]
[SourceQuality "1"]

{[%evp 9,116,0,0,0,23,7,0,2,0,0,0,0,25,13,29,-2,20,0,0,0,-7,-14,-1,-17,11,-21,-4,-10,8,0,0,0,0,0,0,-24,0,0,23,6,21,21,41,4,51,49,48,8,25,0,12,13,17,13,25,0,133,119,120,116,116,129,118,103,100,89,94,82,61,0,0,0,0,0,0,-112,-106,-132,0,0,0,0,0,0,4,4,38,40,112,68,223,221,214,104,141,114,394,190,306,289,228,53,54,0,211,0,60,0,156]} 1. d4 Nf6 2. Nf3 e6 3. c4 b6 4. Bg5 Bb4+ 5. Nbd2 Bb7 6. a3 {E12: Queen's Indian: Unusual White 4th moves, 4 a3, 4 Nc3 Bb7 5 a3 and 4 Nc3 Bb7} Bxd2+ 7. Qxd2 h6 8. Bh4 $146 (8. Bxf6 Qxf6 9. d5 d6 10. e4 Nd7 11. Bd3 a5 12. O-O a4 13. Rae1 {1-0 (40) Colijn,S (2311)-Costa,J (2130) Lisbon 2018}) 8... d6 9. e3 g5 10. Bg3 Ne4 11. Qc2 Nd7 12. O-O-O (12. d5 {looks sharper.} Ndf6 13. O-O-O Qe7 14. Nd4 O-O-O 15. Nc6) 12... f5 13. Nd2 Nxg3 14. hxg3 Qf6 15. Rh2 O-O-O 16. Be2 c5 17. Qc3 Rh7 18. Bf3 Qf8 19. Bxb7+ Kxb7 20. Kb1 Nf6 21. f3 Rc7 22. Nb3 Ka8 23. Rhh1 Rdc8 24. Ka2 Rb8 25. Rd2 Rbc8 26. Qd3 d5 27. dxc5 bxc5 28. Qc3 Rc6 29. Rc1 Qf7 30. Ka1 Nd7 31. Rcd1 {With the idea Na5.} Nf6 {[%cal Bd7f6,Bf6d5,Bd5f4][%mdl 32]} 32. Nc1 d4 (32... dxc4 $11 {keeps the balance.} 33. Rd6 Nd5 34. Rxc6 Rxc6 35. Qxc4 Qc7) 33. exd4 $16 cxd4 34. Rxd4 Qc7 {aiming for ...e5.} 35. b3 $1 Qxg3 36. Rd8 Nd5 37. Rxc8+ Rxc8 38. Qd4 Qf4 39. Qxf4 (39. Qb2 $14 Ne3 40. Rd2) 39... Nxf4 $14 {[%mdl 4096] Endgame KRN-KRN} 40. g3 Ng6 41. Rh1 Rh8 $1 42. Rh5 (42. Ne2 $11) 42... f4 $1 $17 {[%cal Rf4g3]} 43. Ne2 {[#] Threatening gxf4.} e5 (43... g4 $1 $17 {[%cal Rg4f3]} 44. fxg4 f3) 44. gxf4 $1 $11 exf4 45. Kb2 Ne5 46. Nd4 Kb8 47. Kc3 Kc8 48. c5 Kd7 ({Better is} 48... Nd7 $14) 49. b4 $16 {[%cal Bb3b4,Bb4b5][%mdl 32]} Nf7 $2 (49... a6 $14) 50. b5 $18 Re8 51. Rh1 (51. a4 $18 {has better winning chances.}) 51... Re3+ $16 52. Kb4 Rd3 $2 {[%mdl 8192]} (52... g4 $16) 53. c6+ (53. Nc6 $142) 53... Kc7 (53... Kc8 $142) 54. Ne6+ $18 Kc8 {[#]} 55. Rf1 $2 ({White should try} 55. a4 $1 $18) 55... Ne5 $14 56. Rh1 $2 (56. Kc5 $14) 56... Nf7 $1 $18 57. Rf1 $2 ({White should play} 57. a4 $18) 57... Ne5 $14 58. Rh1 (58. Kc5 $14) 58... Nf7 $1 {Accuracy: White = 42%, Black = 42%.} 1/2-1/2

[Event "1st Cyprus Chess Tournament 2019"]
[Site "Larnaca"]
[Date "2019.10.29"]
[Round "6.3"]
[White "Gleizerov, Evgeny"]
[Black "Kochergin, Sergey"]
[Result "1-0"]
[WhiteElo "2512"]
[BlackElo "2224"]
[Annotator "TA"]
[PlyCount "85"]
[EventDate "2019.10.25"]
[EventType "swiss"]
[EventCountry "CYP"]
[SourceTitle "playchess.com"]
[Source "ChessBase"]
[SourceQuality "1"]

{[%evp 15,85,18,32,0,50,44,63,56,65,61,61,63,83,32,32,29,41,43,43,41,43,38,50,27,27,28,30,35,33,0,21,20,22,21,33,28,54,54,56,54,54,54,66,66,58,58,340,316,458,453,500,483,462,444,682,658,984,762,922,976,889,931,2478,2722,2552,2494,2438,2270,29974,29974,29975,29968]} 1. d4 d5 2. c4 e6 3. Nf3 Nf6 4. g3 Be7 5. Bg2 O-O 6. O-O dxc4 7. Qc2 c5 8. dxc5 Bxc5 9. Qxc4 {E05: Open Catalan: 5 Nf3 Be7} Qd5 (9... Qe7 {with more complications.} 10. Nc3 Nbd7 11. e4 Nb6 12. Qe2 e5) (9... Qe7 10. Nc3 a6 11. Bg5 Nbd7 12. Qh4 h6 13. Bf4 e5 14. Bg5 hxg5 15. Nxg5 Nb6 16. Be4 g6 {0-1 (49) Vachier Lagrave,M (2795)-Xiong,J (2652) chess.com INT 2017}) 10. Nfd2 $146 ({Predecessor:} 10. Qc2 Nc6 11. Nc3 Qc4 12. Nd2 Qa6 13. Nde4 Be7 14. Bg5 Nd4 15. Qd2 Nxe4 16. Bxe4 Nxe2+ 17. Nxe2 Bxg5 {0-1 (55) Meydi,I (1668)-Mikheeva,G (1849) Sochi 2019}) 10... Qxc4 11. Nxc4 {White is slightly better.} Nc6 12. Nc3 Bd7 13. Bf4 Rfd8 14. Bd6 ({White should play} 14. Rfd1 $16) 14... Bxd6 $14 15. Nxd6 Rab8 16. Rfd1 Kf8 17. Rd2 Ke7 18. Rad1 Be8 $1 19. f4 Ng4 {Hoping for ...Ne3.} 20. Nxe8 Kxe8 21. Bxc6+ bxc6 22. Ne4 Rxd2 23. Rxd2 $11 {[%mdl 4096] Endgame KRN-KRN} Rd8 24. Kg2 (24. h3 {seems wilder.} Ne3 25. Nd6+ Ke7 26. Kf2 Rxd6 27. Kxe3 Rd5 28. g4) 24... Rxd2 25. Nxd2 {KN-KN} Ne3+ 26. Kf3 Nd5 27. Ke4 Kd7 28. Kd4 f6 29. e4 Nb4 30. a3 Nc2+ $2 {[%mdl 8192]} (30... e5+ $14 31. fxe5 fxe5+ 32. Kxe5 Nd3+ 33. Kd4 Nxb2) 31. Kd3 $18 Ne1+ {[#]} (31... Na1 {was necessary.} 32. Kc3 Kd6) 32. Ke2 $1 Nc2 {[#]} 33. Nb3 $1 e5 34. Kd2 Nd4 (34... Nxa3 $142 35. bxa3 exf4 36. gxf4 g6) 35. Nxd4 exd4 {KP-KP} 36. Kd3 c5 37. b4 Kc6 38. Kc4 cxb4 39. axb4 d3 40. Kxd3 Kb5 41. Kc3 a5 42. bxa5 Kxa5 43. Kc4 {Accuracy: White = 71%, Black = 50%.} 1-0